[Event "Raisoni Memorial op U15"]
[Site "Nagpur"]
[Date "2012.09.24"]
[Round "10"]
[White "Suresh, Krishna S"]
[Black "Vasantha Ruba, Varman"]
[Result "0-1"]
[WhiteElo "1809"]
[BlackElo "2051"]
[PlyCount "68"]
[EventDate "2012.09.17"]
[EventType "swiss"]
[EventRounds "11"]
[EventCountry "IND"]
[SourceTitle "CBM 150 Extra"]
[Source "ChessBase"]
[SourceDate "2012.10.19"]
[SourceVersion "1"]
[SourceVersionDate "2012.10.19"]
[SourceQuality "1"]

1. d4 Nf6 2. c4 e6 3. Nf3 b6 4. Bg5 Bb7 5. Nbd2 Be7 6. e3 0-0 7. Bd3 c5 8. 0-0 h6 9. Bh4 d6 10. h3 Nbd7 11. Rc1 Ne8 12. Bg3 Rc8 13. Qe2 f5 14. e4 f4 15. Bh2 e5 16. d5 g5 17. Rfd1 Ng7 18. Ne1 Nf6 19. f3 h5 20. Kh1 Qd7 21. Nc2 g4 22. Qf1 Nh7 23. fxg4 hxg4 24. hxg4 Qxg4 25. Be2 Qg6 26. Nf3 Nf6 27. Nd2 Kf7 28. Qf3 Rh8 29. Nf1 Rh6 30. Kg1 Rch8 31. Ne1 Bc8 32. Bxf4 Rh1+ 33. Kf2 Ng4+ 34. Kg3 Bh4# 0-1